Consulting services manual 2006 : (Record no. 15133)

000 -LEADER
fixed length control field 00631cam a2200205 a 4500
020 ## - INTERNATIONAL STANDARD BOOK NUMBER
ISBN 9780821365236 (pbk.)
020 ## - INTERNATIONAL STANDARD BOOK NUMBER
ISBN 0821365231 (pbk.)
040 ## - CATALOGING SOURCE
Transcribing agency DLC
082 00 - DEWEY DECIMAL CLASSIFICATION NUMBER
Classification number 332 WOR 2006 A073 Or.
245 00 - TITLE STATEMENT
Title Consulting services manual 2006 :
Remainder of title a comprehensive guide to the selection of consultants at the World Bank.
260 ## - PUBLICATION, DISTRIBUTION, ETC. (IMPRINT)
Place of publication Washington, D.C. :
Name of publisher World Bank,
Year of publication 2006.
300 ## - PHYSICAL DESCRIPTION
Number of Pages xiv, 178 p. :
Other physical details ill. ;
Dimensions 28 cm.
650 #0 - SUBJECT ADDED ENTRY--TOPICAL TERM
Topical Term Business consultants
650 #0 - SUBJECT ADDED ENTRY--TOPICAL TERM
Topical Term Consulting engineers
650 #0 - SUBJECT ADDED ENTRY--TOPICAL TERM
Topical Term Consultants
650 #0 - SUBJECT ADDED ENTRY--TOPICAL TERM
Topical Term Economic assistance
650 #0 - SUBJECT ADDED ENTRY--TOPICAL TERM
Topical Term Technical assistance
710 1# - ADDED ENTRY--CORPORATE NAME
Corporate name or jurisdiction name as entry element World Bank.
942 ## - ADDED ENTRY ELEMENTS (KOHA)
Koha item type សៀវភៅភាសាអង់គ្លេស
952 ## - LOCATION AND ITEM INFORMATION (KOHA)
Withdrawn status [LOCAL, KOHA] 0
Holdings
Permanent Location Date acquired Koha item type Lost status Shelving location Barcode Current Location Full call number
Library Block A2017-11-10សៀវភៅភាសាអង់គ្លេស A073A07465Library Block A332 WOR 2006 A073 Or.
មជ្ឈមណ្ឌលឯការនៃសាកលវិទ្យាល័យភូមិន្ទកសិកម្មចំការដូង

Powered by Koha